| 000 | 01399nam a2200349 a 4500 | ||
|---|---|---|---|
| 001 | 60006 | ||
| 003 | BD-RjUL | ||
| 005 | 20211209080808.0 | ||
| 008 | 161228s1981 cou b 100 0 eng | ||
| 020 | _a0891589562 | ||
| 035 | _a(BD-RjUL) 60130 | ||
| 040 |
_aBD-RjUL _cBD-RjUL _dBD-RjUL _beng |
||
| 041 | _aeng | ||
| 082 | 0 |
_a362.82 _223 _bAPP 1981 |
|
| 245 | 0 | 0 |
_aApproaches to child and family policy / _cedited by Harold C. Wallach. |
| 260 |
_aBoulder, Colo. : _bPublished by Westview Press for American Association for the Advancement of Science, Washington, D.C., _c1981. |
||
| 300 |
_axii, 170 p. ; _c24 cm. |
||
| 490 | 1 |
_aAAAS selected symposium ; _v56 |
|
| 504 | _aIncludes bibliographical references. | ||
| 650 | 0 |
_aFamily policy _zUnited States _xCongresses. _9178534 |
|
| 650 | 0 |
_aYouth _xGovernment policy _zUnited States _xCongresses. _9178535 |
|
| 650 | 0 |
_aChild welfare _zUnited States _xCongresses. _9178536 |
|
| 650 | 0 |
_aChildren _xLegal status, laws, etc. _zUnited States _xCongresses. _9178537 |
|
| 650 | 2 |
_aAdolescence _xcongresses. _9178538 |
|
| 650 | 2 |
_aChild Welfare _zUnited States _xcongresses. _9178539 |
|
| 650 | 2 |
_aFamily _xcongresses. _9178540 |
|
| 650 | 2 |
_aPolicy Making _xcongresses. _9178541 |
|
| 650 | 2 |
_aPublic Policy _zUnited States _xcongresses. _9178542 |
|
| 700 | 1 |
_aWallach, Harold C. _9178543 |
|
| 830 | 0 |
_aAAAS selected symposium ; _v56. _9178546 |
|
| 942 |
_2ddc _cBK |
||
| 999 |
_c60006 _d60006 |
||